Not so special countries - Statistics

General Stats
  • This quiz has been taken 7 times
  • The average score is 4 of 13
Answer Stats
Topic Average country % Correct
Life expectancy Russia
80%
Literacy Rate Iran
60%
Infant/under 5 morality rate Nepal
60%
Iq Luxembourg
40%
Precipitation Luxembourg
40%
GDP per Capita Mexico
40%
Population Growth Qatar
40%
Maternal Morality Rate Angola
20%
Population Density Fiji
20%
Urban Population as a percent of the population Kazakstan
20%
Birth Rate Morocco
0%
Temperature Vatican City
0%
Median Age Venzuela
0%
No matching quizzes found
Score Distribution
Percent of People with Each Score
Percentile by Number Answered
Your Score History
You have not taken this quiz